000
00264nam a22001217a 4500
040
_c
SY
082
_a
338
100
_a
CHHAY KONGKEA
245
_a
Agricultural policy in western europe and the united states
260
_a
RUA
_b
CHH
300
_a
449p.
942
_c
EK
999
_c
9527
_d
9527